<?xml version="1.0" encoding="UTF-8"?>
<record
    xmlns:xsi="http://www.w3.org/2001/XMLSchema-instance"
    xsi:schemaLocation="http://www.loc.gov/MARC21/slim http://www.loc.gov/standards/marcxml/schema/MARC21slim.xsd"
    xmlns="http://www.loc.gov/MARC21/slim">

  <leader>05049nam a22005057a 4500</leader>
  <controlfield tag="005">20080929101452.0</controlfield>
  <controlfield tag="008">080929t        xxu||||| |||| 00| 0 hin d</controlfield>
  <datafield tag="010" ind1=" " ind2=" ">
    <subfield code="a">HIN-92309   B-448923-934</subfield>
  </datafield>
  <datafield tag="020" ind1=" " ind2=" ">
    <subfield code="c">550.00</subfield>
    <subfield code="a">9819380327181</subfield>
  </datafield>
  <datafield tag="035" ind1=" " ind2=" ">
    <subfield code="a">HN-64655</subfield>
  </datafield>
  <datafield tag="037" ind1=" " ind2=" ">
    <subfield code="b">DBAD / PUB</subfield>
  </datafield>
  <datafield tag="040" ind1=" " ind2=" ">
    <subfield code="a">DPL</subfield>
    <subfield code="b">HN    B-448923-934</subfield>
  </datafield>
  <datafield tag="082" ind1=" " ind2=" ">
    <subfield code="a">921</subfield>
  </datafield>
  <datafield tag="100" ind1=" " ind2=" ">
    <subfield code="9">26640</subfield>
    <subfield code="a">&#x907;&#x91C;&#x93C;&#x93E;&#x921;&#x94B;&#x930;&#x93E; &#x921;&#x902;&#x915;&#x928;</subfield>
  </datafield>
  <datafield tag="245" ind1=" " ind2=" ">
    <subfield code="a">&#x907;&#x91C;&#x93C;&#x93E;&#x921;&#x94B;&#x930;&#x93E; &#x915;&#x940; &#x92A;&#x94D;&#x930;&#x947;&#x92E;&#x915;&#x925;&#x93E;&#x903;</subfield>
    <subfield code="c">&#x907;&#x91C;&#x93C;&#x93E;&#x921;&#x94B;&#x930;&#x93E; &#x921;&#x902;&#x915;&#x928;; &#x92F;&#x941;&#x917;&#x93E;&#x902;&#x915; &#x927;&#x940;&#x930; &#x926;&#x94D;&#x935;&#x93E;&#x930;&#x93E; &#x905;&#x928;&#x941;&#x926;&#x93F;&#x924;</subfield>
    <subfield code="b">&#x92E;&#x939;&#x93E;&#x928; &#x928;&#x943;&#x924;&#x94D;&#x92F;&#x93E;&#x902;&#x917;&#x928;&#x93E; &#x907;&#x91C;&#x93C;&#x93E;&#x921;&#x94B;&#x930;&#x93E; &#x921;&#x902;&#x915;&#x928; &#x915;&#x940; &#x92C;&#x939;&#x941;&#x91A;&#x930;&#x94D;&#x91A;&#x93F;&#x924; &#x914;&#x930; &#x935;&#x93F;&#x935;&#x93E;&#x926;&#x93E;&#x938;&#x94D;&#x92A;&#x926; &#x906;&#x924;&#x94D;&#x92E;&#x915;&#x925;&#x93E; '&#x92E;&#x93E;&#x92F; &#x932;&#x93E;&#x907;&#x92B;' &#x915;&#x93E; &#x938;&#x930;&#x94D;&#x935;&#x92A;&#x94D;&#x930;&#x925;&#x92E; &#x939;&#x93F;&#x902;&#x926;&#x940; &#x905;&#x928;&#x941;&#x935;&#x93E;&#x926; /</subfield>
  </datafield>
  <datafield tag="246" ind1=" " ind2=" ">
    <subfield code="a">Isadora ke Premkatha</subfield>
    <subfield code="b">Isadora Duncan</subfield>
  </datafield>
  <datafield tag="250" ind1=" " ind2=" ">
    <subfield code="a">2&#x930;&#x93E; &#x938;&#x902;&#x938;&#x94D;&#x915;</subfield>
  </datafield>
  <datafield tag="260" ind1=" " ind2=" ">
    <subfield code="a">&#x92E;&#x947;&#x930;&#x920;</subfield>
    <subfield code="b">&#x938;&#x902;&#x935;&#x93E;&#x926; &#x92A;&#x94D;&#x930;&#x915;&#x93E;&#x936;&#x928;</subfield>
    <subfield code="c">2010</subfield>
  </datafield>
  <datafield tag="270" ind1=" " ind2=" ">
    <subfield code="a">&#x906;&#x908;-499, &#x936;&#x93E;&#x938;&#x94D;&#x924;&#x94D;&#x930;&#x940;&#x928;&#x917;&#x930;</subfield>
    <subfield code="b">&#x92E;&#x947;&#x930;&#x920;</subfield>
    <subfield code="e">250004 (&#x909;.&#x92A;&#x94D;&#x930;.)</subfield>
  </datafield>
  <datafield tag="300" ind1="1" ind2=" ">
    <subfield code="a">282&#x92A;&#x943;.</subfield>
    <subfield code="c">22&#x938;&#x947;&#x92E;&#x940; (&#x938;&#x91C;&#x93F;&#x932;&#x94D;&#x926;)</subfield>
  </datafield>
  <datafield tag="490" ind1=" " ind2=" ">
    <subfield code="a">&#x935;&#x93F;&#x936;&#x94D;&#x935; &#x917;&#x94D;&#x930;&#x902;&#x925;&#x92E;&#x93E;&#x932;&#x93E;&#x903; &#x906;&#x932;&#x94B;&#x915; &#x936;&#x94D;&#x930;&#x940;&#x935;&#x93E;&#x938;&#x94D;&#x924;&#x935; &#x926;&#x94D;&#x935;&#x93E;&#x930;&#x93E; &#x938;&#x902;&#x92A;&#x93E;&#x926;&#x93F;&#x924;</subfield>
    <subfield code="9">40240</subfield>
  </datafield>
  <datafield tag="500" ind1=" " ind2=" ">
    <subfield code="a">&#x909;&#x938;&#x928;&#x947; &#x91C;&#x940;&#x935;&#x928; &#x914;&#x930; &#x92A;&#x94D;&#x930;&#x947;&#x92E; &#x915;&#x94B; &#x905;&#x92A;&#x928;&#x947; &#x909;&#x938;&#x942;&#x932;&#x94B;&#x902; &#x938;&#x947; &#x91C;&#x93F;&#x92F;&#x93E; </subfield>
  </datafield>
  <datafield tag="650" ind1=" " ind2=" ">
    <subfield code="9">697</subfield>
  </datafield>
  <datafield tag="650" ind1=" " ind2=" ">
    <subfield code="9">26674</subfield>
  </datafield>
  <datafield tag="650" ind1=" " ind2=" ">
    <subfield code="9">698</subfield>
  </datafield>
  <datafield tag="700" ind1=" " ind2=" ">
    <subfield code="9">26643</subfield>
    <subfield code="a">&#x92F;&#x941;&#x917;&#x93E;&#x902;&#x915; &#x927;&#x940;&#x930; </subfield>
  </datafield>
  <datafield tag="700" ind1=" " ind2=" ">
    <subfield code="9">27078</subfield>
    <subfield code="a">&#x936;&#x94D;&#x930;&#x940;&#x935;&#x93E;&#x938;&#x94D;&#x924;&#x935;, &#x906;&#x932;&#x94B;&#x915; </subfield>
  </datafield>
  <datafield tag="710" ind1=" " ind2=" ">
    <subfield code="9">26662</subfield>
  </datafield>
  <datafield tag="942" ind1=" " ind2=" ">
    <subfield code="2">ddc</subfield>
    <subfield code="c">HN</subfield>
    <subfield code="m">&#x907;&#x91C;&#x93C;&#x93E;&#x921;&#x94B;</subfield>
    <subfield code="h">921</subfield>
  </datafield>
  <datafield tag="999" ind1=" " ind2=" ">
    <subfield code="c">51571</subfield>
    <subfield code="d">51571</subfield>
  </datafield>
  <datafield tag="952" ind1=" " ind2=" ">
    <subfield code="0">0</subfield>
    <subfield code="1">0</subfield>
    <subfield code="2">ddc</subfield>
    <subfield code="4">0</subfield>
    <subfield code="7">1</subfield>
    <subfield code="8">NFIC</subfield>
    <subfield code="a">DBAD</subfield>
    <subfield code="b">DBAD</subfield>
    <subfield code="d">2011-04-13</subfield>
    <subfield code="e">DBAD /PUB</subfield>
    <subfield code="g">550.00</subfield>
    <subfield code="l">0</subfield>
    <subfield code="o">921 &#x92E;&#x941;&#x915;&#x94D;&#x924;&#x928;&#x93E;</subfield>
    <subfield code="p">HN-64655</subfield>
    <subfield code="r">2011-04-13 00:00:00</subfield>
    <subfield code="t">1</subfield>
    <subfield code="v">550.00</subfield>
    <subfield code="y">HN</subfield>
  </datafield>
  <datafield tag="952" ind1=" " ind2=" ">
    <subfield code="0">0</subfield>
    <subfield code="1">0</subfield>
    <subfield code="2">ddc</subfield>
    <subfield code="4">0</subfield>
    <subfield code="7">0</subfield>
    <subfield code="8">NFIC</subfield>
    <subfield code="a">L</subfield>
    <subfield code="b">L</subfield>
    <subfield code="d">2012-01-27</subfield>
    <subfield code="e">&#x90F;&#x932;&#x93E;&#x908;&#x921; &#x92A;&#x92C;&#x94D;&#x932;&#x93F;&#x936;&#x930;&#x94D;&#x938;/ 08/ 15.9.11/1334/5.11.2011/11.11.11</subfield>
    <subfield code="g">550.00</subfield>
    <subfield code="l">1</subfield>
    <subfield code="o">921 &#x907;&#x91C;&#x93C;&#x93E;&#x921;&#x94B;</subfield>
    <subfield code="p">B-448923</subfield>
    <subfield code="r">2018-09-20 00:00:00</subfield>
    <subfield code="s">2018-09-15</subfield>
    <subfield code="t">1</subfield>
    <subfield code="v">550.00</subfield>
    <subfield code="w">2012-01-27</subfield>
    <subfield code="y">HN</subfield>
  </datafield>
  <datafield tag="952" ind1=" " ind2=" ">
    <subfield code="0">0</subfield>
    <subfield code="1">0</subfield>
    <subfield code="2">ddc</subfield>
    <subfield code="4">0</subfield>
    <subfield code="7">0</subfield>
    <subfield code="a">AG</subfield>
    <subfield code="b">AG</subfield>
    <subfield code="d">2012-01-27</subfield>
    <subfield code="l">0</subfield>
    <subfield code="o">921 &#x907;&#x91C;&#x93C;&#x93E;&#x921;&#x94B;</subfield>
    <subfield code="r">2012-01-27 00:00:00</subfield>
    <subfield code="w">2012-01-27</subfield>
    <subfield code="y">HN</subfield>
  </datafield>
  <datafield tag="952" ind1=" " ind2=" ">
    <subfield code="0">0</subfield>
    <subfield code="1">0</subfield>
    <subfield code="2">ddc</subfield>
    <subfield code="4">0</subfield>
    <subfield code="7">0</subfield>
    <subfield code="8">NFIC</subfield>
    <subfield code="a">M</subfield>
    <subfield code="b">M</subfield>
    <subfield code="d">2012-01-27</subfield>
    <subfield code="e">&#x90F;&#x932;&#x93E;&#x908;&#x921; &#x92A;&#x92C;&#x94D;&#x932;&#x93F;&#x936;&#x930;&#x94D;&#x938;/ 08/ 15.9.11/1334/5.11.2011/11.11.11</subfield>
    <subfield code="g">550.00</subfield>
    <subfield code="l">0</subfield>
    <subfield code="o">921 &#x907;&#x91C;&#x93C;&#x93E;&#x921;&#x94B;</subfield>
    <subfield code="p">B-448924</subfield>
    <subfield code="r">2012-01-27 00:00:00</subfield>
    <subfield code="t">2</subfield>
    <subfield code="v">550.00</subfield>
    <subfield code="w">2012-01-27</subfield>
    <subfield code="y">HN</subfield>
  </datafield>
  <datafield tag="952" ind1=" " ind2=" ">
    <subfield code="0">0</subfield>
    <subfield code="1">0</subfield>
    <subfield code="2">ddc</subfield>
    <subfield code="4">0</subfield>
    <subfield code="7">0</subfield>
    <subfield code="8">NFIC</subfield>
    <subfield code="a">M</subfield>
    <subfield code="b">M</subfield>
    <subfield code="d">2012-01-27</subfield>
    <subfield code="e">&#x90F;&#x932;&#x93E;&#x908;&#x921; &#x92A;&#x92C;&#x94D;&#x932;&#x93F;&#x936;&#x930;&#x94D;&#x938;/ 08/ 15.9.11/1334/5.11.2011/11.11.11</subfield>
    <subfield code="g">550.00</subfield>
    <subfield code="l">0</subfield>
    <subfield code="o">921 &#x907;&#x91C;&#x93C;&#x93E;&#x921;&#x94B;</subfield>
    <subfield code="p">B-448925</subfield>
    <subfield code="r">2012-01-27 00:00:00</subfield>
    <subfield code="t">2</subfield>
    <subfield code="v">550.00</subfield>
    <subfield code="w">2012-01-27</subfield>
    <subfield code="y">HN</subfield>
  </datafield>
  <datafield tag="952" ind1=" " ind2=" ">
    <subfield code="0">3</subfield>
    <subfield code="1">0</subfield>
    <subfield code="2">ddc</subfield>
    <subfield code="4">0</subfield>
    <subfield code="7">0</subfield>
    <subfield code="8">NFIC</subfield>
    <subfield code="a">BL1</subfield>
    <subfield code="b">BL1</subfield>
    <subfield code="d">2012-01-27</subfield>
    <subfield code="e">&#x90F;&#x932;&#x93E;&#x908;&#x921; &#x92A;&#x92C;&#x94D;&#x932;&#x93F;&#x936;&#x930;&#x94D;&#x938;/ 08/ 15.9.11/1334/5.11.2011/11.11.11</subfield>
    <subfield code="g">550.00</subfield>
    <subfield code="l">0</subfield>
    <subfield code="o">921 &#x907;&#x91C;&#x93C;&#x93E;&#x921;&#x94B;</subfield>
    <subfield code="p">B-448926</subfield>
    <subfield code="r">2012-01-27 00:00:00</subfield>
    <subfield code="t">1</subfield>
    <subfield code="v">550.00</subfield>
    <subfield code="y">HN</subfield>
  </datafield>
  <datafield tag="952" ind1=" " ind2=" ">
    <subfield code="0">0</subfield>
    <subfield code="1">0</subfield>
    <subfield code="2">ddc</subfield>
    <subfield code="4">0</subfield>
    <subfield code="7">0</subfield>
    <subfield code="8">NFIC</subfield>
    <subfield code="a">KGM</subfield>
    <subfield code="b">KGM</subfield>
    <subfield code="d">2012-01-27</subfield>
    <subfield code="e">&#x90F;&#x932;&#x93E;&#x908;&#x921; &#x92A;&#x92C;&#x94D;&#x932;&#x93F;&#x936;&#x930;&#x94D;&#x938;/ 08/ 15.9.11/1334/5.11.2011/11.11.11</subfield>
    <subfield code="g">550.00</subfield>
    <subfield code="l">0</subfield>
    <subfield code="o">921 &#x907;&#x91C;&#x93C;&#x93E;&#x921;&#x94B;</subfield>
    <subfield code="p">B-448927</subfield>
    <subfield code="r">2012-01-27 00:00:00</subfield>
    <subfield code="t">1</subfield>
    <subfield code="v">550.00</subfield>
    <subfield code="w">2012-01-27</subfield>
    <subfield code="y">HN</subfield>
  </datafield>
  <datafield tag="952" ind1=" " ind2=" ">
    <subfield code="0">0</subfield>
    <subfield code="1">0</subfield>
    <subfield code="2">ddc</subfield>
    <subfield code="4">0</subfield>
    <subfield code="7">0</subfield>
    <subfield code="8">NFIC</subfield>
    <subfield code="a">JP</subfield>
    <subfield code="b">JP</subfield>
    <subfield code="d">2012-01-27</subfield>
    <subfield code="e">&#x90F;&#x932;&#x93E;&#x908;&#x921; &#x92A;&#x92C;&#x94D;&#x932;&#x93F;&#x936;&#x930;&#x94D;&#x938;/ 08/ 15.9.11/1334/5.11.2011/11.11.11</subfield>
    <subfield code="g">550.00</subfield>
    <subfield code="l">8</subfield>
    <subfield code="m">2</subfield>
    <subfield code="o">921 &#x907;&#x91C;&#x93C;&#x93E;&#x921;&#x94B;</subfield>
    <subfield code="p">B-448928</subfield>
    <subfield code="r">2019-05-24 00:00:00</subfield>
    <subfield code="s">2017-05-18</subfield>
    <subfield code="t">1</subfield>
    <subfield code="v">550.00</subfield>
    <subfield code="w">2012-01-27</subfield>
    <subfield code="y">HN</subfield>
  </datafield>
  <datafield tag="952" ind1=" " ind2=" ">
    <subfield code="0">0</subfield>
    <subfield code="1">0</subfield>
    <subfield code="2">ddc</subfield>
    <subfield code="4">0</subfield>
    <subfield code="7">0</subfield>
    <subfield code="8">NFIC</subfield>
    <subfield code="a">ZLS</subfield>
    <subfield code="b">ZLS</subfield>
    <subfield code="d">2012-01-27</subfield>
    <subfield code="e">&#x90F;&#x932;&#x93E;&#x908;&#x921; &#x92A;&#x92C;&#x94D;&#x932;&#x93F;&#x936;&#x930;&#x94D;&#x938;/ 08/ 15.9.11/1334/5.11.2011/11.11.11</subfield>
    <subfield code="g">550.00</subfield>
    <subfield code="l">0</subfield>
    <subfield code="o">921 &#x907;&#x91C;&#x93C;&#x93E;&#x921;&#x94B;</subfield>
    <subfield code="p">B-448929</subfield>
    <subfield code="r">2012-01-27 00:00:00</subfield>
    <subfield code="t">1</subfield>
    <subfield code="v">550.00</subfield>
    <subfield code="w">2012-01-27</subfield>
    <subfield code="y">HN</subfield>
  </datafield>
  <datafield tag="952" ind1=" " ind2=" ">
    <subfield code="0">0</subfield>
    <subfield code="1">0</subfield>
    <subfield code="2">ddc</subfield>
    <subfield code="4">0</subfield>
    <subfield code="7">0</subfield>
    <subfield code="8">NFIC</subfield>
    <subfield code="a">VP</subfield>
    <subfield code="b">VP</subfield>
    <subfield code="d">2012-01-27</subfield>
    <subfield code="e">&#x90F;&#x932;&#x93E;&#x908;&#x921; &#x92A;&#x92C;&#x94D;&#x932;&#x93F;&#x936;&#x930;&#x94D;&#x938;/ 08/ 15.9.11/1334/5.11.2011/11.11.11</subfield>
    <subfield code="g">550.00</subfield>
    <subfield code="l">2</subfield>
    <subfield code="o">921 &#x907;&#x91C;&#x93C;&#x93E;&#x921;&#x94B;</subfield>
    <subfield code="p">B-448930</subfield>
    <subfield code="r">2019-08-14 00:00:00</subfield>
    <subfield code="s">2019-08-09</subfield>
    <subfield code="t">1</subfield>
    <subfield code="v">550.00</subfield>
    <subfield code="w">2012-01-27</subfield>
    <subfield code="y">HN</subfield>
  </datafield>
  <datafield tag="952" ind1=" " ind2=" ">
    <subfield code="0">0</subfield>
    <subfield code="1">0</subfield>
    <subfield code="2">ddc</subfield>
    <subfield code="4">0</subfield>
    <subfield code="7">0</subfield>
    <subfield code="8">NFIC</subfield>
    <subfield code="a">BL3</subfield>
    <subfield code="b">BL3</subfield>
    <subfield code="d">2012-01-27</subfield>
    <subfield code="e">&#x90F;&#x932;&#x93E;&#x908;&#x921; &#x92A;&#x92C;&#x94D;&#x932;&#x93F;&#x936;&#x930;&#x94D;&#x938;/ 08/ 15.9.11/1334/5.11.2011/11.11.11</subfield>
    <subfield code="g">550.00</subfield>
    <subfield code="l">0</subfield>
    <subfield code="o">921 &#x907;&#x91C;&#x93C;&#x93E;&#x921;&#x94B;</subfield>
    <subfield code="p">B-448931</subfield>
    <subfield code="r">2012-01-27 00:00:00</subfield>
    <subfield code="t">1</subfield>
    <subfield code="v">550.00</subfield>
    <subfield code="w">2012-01-27</subfield>
    <subfield code="y">HN</subfield>
  </datafield>
  <datafield tag="952" ind1=" " ind2=" ">
    <subfield code="0">0</subfield>
    <subfield code="1">0</subfield>
    <subfield code="2">ddc</subfield>
    <subfield code="4">0</subfield>
    <subfield code="7">0</subfield>
    <subfield code="8">NFIC</subfield>
    <subfield code="a">NR</subfield>
    <subfield code="b">NR</subfield>
    <subfield code="d">2012-01-27</subfield>
    <subfield code="e">&#x90F;&#x932;&#x93E;&#x908;&#x921; &#x92A;&#x92C;&#x94D;&#x932;&#x93F;&#x936;&#x930;&#x94D;&#x938;/ 08/ 15.9.11/1334/5.11.2011/11.11.11</subfield>
    <subfield code="g">550.00</subfield>
    <subfield code="l">0</subfield>
    <subfield code="o">921 &#x907;&#x91C;&#x93C;&#x93E;&#x921;&#x94B;</subfield>
    <subfield code="p">B-448932</subfield>
    <subfield code="r">2012-01-27 00:00:00</subfield>
    <subfield code="t">1</subfield>
    <subfield code="v">550.00</subfield>
    <subfield code="w">2012-01-27</subfield>
    <subfield code="y">HN</subfield>
  </datafield>
  <datafield tag="952" ind1=" " ind2=" ">
    <subfield code="0">0</subfield>
    <subfield code="1">0</subfield>
    <subfield code="2">ddc</subfield>
    <subfield code="4">0</subfield>
    <subfield code="7">0</subfield>
    <subfield code="8">NFIC</subfield>
    <subfield code="a">BN</subfield>
    <subfield code="b">BN</subfield>
    <subfield code="d">2012-01-27</subfield>
    <subfield code="e">&#x90F;&#x932;&#x93E;&#x908;&#x921; &#x92A;&#x92C;&#x94D;&#x932;&#x93F;&#x936;&#x930;&#x94D;&#x938;/ 08/ 15.9.11/1334/5.11.2011/11.11.11</subfield>
    <subfield code="g">550.00</subfield>
    <subfield code="l">0</subfield>
    <subfield code="o">921 &#x907;&#x91C;&#x93C;&#x93E;&#x921;&#x94B;</subfield>
    <subfield code="p">B-448933</subfield>
    <subfield code="r">2012-01-27 00:00:00</subfield>
    <subfield code="t">1</subfield>
    <subfield code="v">550.00</subfield>
    <subfield code="w">2012-01-27</subfield>
    <subfield code="y">HN</subfield>
  </datafield>
  <datafield tag="952" ind1=" " ind2=" ">
    <subfield code="0">0</subfield>
    <subfield code="1">0</subfield>
    <subfield code="2">ddc</subfield>
    <subfield code="4">0</subfield>
    <subfield code="7">0</subfield>
    <subfield code="8">NFIC</subfield>
    <subfield code="a">BL4</subfield>
    <subfield code="b">BL4</subfield>
    <subfield code="d">2012-01-27</subfield>
    <subfield code="e">&#x90F;&#x932;&#x93E;&#x908;&#x921; &#x92A;&#x92C;&#x94D;&#x932;&#x93F;&#x936;&#x930;&#x94D;&#x938;/ 08/ 15.9.11/1334/5.11.2011/11.11.11</subfield>
    <subfield code="g">550.00</subfield>
    <subfield code="l">0</subfield>
    <subfield code="o">921 &#x907;&#x91C;&#x93C;&#x93E;&#x921;&#x94B;</subfield>
    <subfield code="p">B-448934</subfield>
    <subfield code="r">2012-01-27 00:00:00</subfield>
    <subfield code="t">1</subfield>
    <subfield code="v">550.00</subfield>
    <subfield code="w">2012-01-27</subfield>
    <subfield code="y">HN</subfield>
  </datafield>
</record>
